<?xml version="1.0" encoding="UTF-8"?>
<record
    xmlns:xsi="http://www.w3.org/2001/XMLSchema-instance"
    xsi:schemaLocation="http://www.loc.gov/MARC21/slim http://www.loc.gov/standards/marcxml/schema/MARC21slim.xsd"
    xmlns="http://www.loc.gov/MARC21/slim">

  <leader>01239nam a2200361Ia 4500</leader>
  <controlfield tag="001">734</controlfield>
  <controlfield tag="003">WAA</controlfield>
  <controlfield tag="005">20260331063947.0</controlfield>
  <controlfield tag="006">a||||fr|||| 001 0</controlfield>
  <controlfield tag="007">ta</controlfield>
  <controlfield tag="008">t sp-||1980||||ag 1 0 rpa d   s  sospa</controlfield>
  <datafield tag="020" ind1=" " ind2=" ">
    <subfield code="a">8432120251</subfield>
  </datafield>
  <datafield tag="040" ind1=" " ind2=" ">
    <subfield code="c">WAA</subfield>
    <subfield code="a">WAA</subfield>
    <subfield code="d">AR-MoUNM</subfield>
  </datafield>
  <datafield tag="041" ind1=" " ind2=" ">
    <subfield code="a">spa</subfield>
  </datafield>
  <datafield tag="082" ind1="0" ind2=" ">
    <subfield code="2">20</subfield>
    <subfield code="b">SELL 468</subfield>
    <subfield code="a">300.72</subfield>
  </datafield>
  <datafield tag="100" ind1="1" ind2=" ">
    <subfield code="9">6897</subfield>
    <subfield code="a">Selltiz, Claire</subfield>
  </datafield>
  <datafield tag="245" ind1="0" ind2="0">
    <subfield code="a">M&#xE9;todos de investigaci&#xF3;n en las relaciones sociales / </subfield>
    <subfield code="c">Claire Selltiz ; Lawrence S. Wrightsman ; Stuart. W. Cook.</subfield>
  </datafield>
  <datafield tag="250" ind1=" " ind2=" ">
    <subfield code="a">9a ed.</subfield>
  </datafield>
  <datafield tag="260" ind1="3" ind2="0">
    <subfield code="a">Madrid :</subfield>
    <subfield code="b">Rialp, </subfield>
    <subfield code="c">1980.</subfield>
  </datafield>
  <datafield tag="300" ind1=" " ind2=" ">
    <subfield code="a">826 p. ;</subfield>
    <subfield code="c">23 cm.</subfield>
    <subfield code="b">tablas ;</subfield>
  </datafield>
  <datafield tag="490" ind1="0" ind2=" ">
    <subfield code="a">(Biblioteca de Educaci&#xF3;n y Ciencias sociales. T&#xE9;cnicas y estudios experimentales ; </subfield>
    <subfield code="v">6)</subfield>
  </datafield>
  <datafield tag="500" ind1=" " ind2=" ">
    <subfield code="a">T&#xED;tulo original: Research methods in social relations.</subfield>
  </datafield>
  <datafield tag="504" ind1=" " ind2=" ">
    <subfield code="a">Incluye referencias bibiliogr&#xE1;ficas e &#xED;ndice (p.777-826)</subfield>
  </datafield>
  <datafield tag="650" ind1=" " ind2="7">
    <subfield code="2">unescot</subfield>
    <subfield code="a">INVESTIGACION SOCIAL</subfield>
    <subfield code="9">1138</subfield>
  </datafield>
  <datafield tag="650" ind1=" " ind2="7">
    <subfield code="2">unescot</subfield>
    <subfield code="a">SOCIOLOGIA</subfield>
    <subfield code="9">29</subfield>
  </datafield>
  <datafield tag="650" ind1=" " ind2="7">
    <subfield code="2">unescot</subfield>
    <subfield code="a">METODO CIENTIFICO</subfield>
    <subfield code="9">1586</subfield>
  </datafield>
  <datafield tag="650" ind1=" " ind2="7">
    <subfield code="a">METODOLOGIA</subfield>
    <subfield code="2">unescot</subfield>
    <subfield code="9">1135</subfield>
  </datafield>
  <datafield tag="650" ind1=" " ind2="7">
    <subfield code="a">CIENCIAS SOCIALES</subfield>
    <subfield code="2">unescot</subfield>
    <subfield code="9">676</subfield>
  </datafield>
  <datafield tag="650" ind1=" " ind2="7">
    <subfield code="2">mpirdes</subfield>
    <subfield code="a">SOCIEDAD</subfield>
    <subfield code="9">247</subfield>
  </datafield>
  <datafield tag="700" ind1="1" ind2=" ">
    <subfield code="a">Cook, Stuart W.</subfield>
    <subfield code="9">6899</subfield>
  </datafield>
  <datafield tag="700" ind1="1" ind2=" ">
    <subfield code="a">Wrightsman, Lawrence S.</subfield>
    <subfield code="9">6898</subfield>
  </datafield>
  <datafield tag="942" ind1=" " ind2=" ">
    <subfield code="c">LIBRO</subfield>
  </datafield>
  <datafield tag="999" ind1=" " ind2=" ">
    <subfield code="c">16829</subfield>
    <subfield code="d">16830</subfield>
  </datafield>
  <datafield tag="952" ind1=" " ind2=" ">
    <subfield code="0">0</subfield>
    <subfield code="1">0</subfield>
    <subfield code="4">0</subfield>
    <subfield code="7">0</subfield>
    <subfield code="a">UNM</subfield>
    <subfield code="b">UNM</subfield>
    <subfield code="d">2022-02-03</subfield>
    <subfield code="e">Donaci&#xF3;n Edgardo Margiotta</subfield>
    <subfield code="i">21857</subfield>
    <subfield code="l">0</subfield>
    <subfield code="o">300.72 SELL 468</subfield>
    <subfield code="p">21857</subfield>
    <subfield code="r">2022-02-03 00:00:00</subfield>
    <subfield code="t">Ej. C</subfield>
    <subfield code="w">2022-02-03</subfield>
    <subfield code="y">TR&#xC1;NSITO</subfield>
  </datafield>
</record>
